| 000 | 00522cam a2200205ua 4500 | ||
|---|---|---|---|
| 001 | 1403 | ||
| 008 | 141122n ii |||gr||||Z||||||eng | ||
| 020 | _a81-224-1369-2 | ||
| 040 | _cMAIN | ||
| 041 | _aeng | ||
| 082 | _a330.1543 | ||
| 100 | _aVeerchamy, R., | ||
| 245 |
_aQuantitative methods for economists _cby R. Veerachamy |
||
| 250 | _a1st. | ||
| 260 |
_aNew Delhi: _bNew Age international pvt. ltd, _c2002. |
||
| 300 |
_axii; 696p: _c23cm. |
||
| 653 | _aEconomics | ||
| 653 | _aQuantitative methods | ||
| 942 | _cBK | ||
| 999 |
_c1295 _d1295 |
||